000 00574nam a22002177a 4500
003 OSt
005 20140310181706.0
008 121122t xxu||||| |||| 00| 0 eng d
050 _aPR 4809
_b.H893 1994
082 _aKF H87t
_b1994
100 _aHughes, Thomas
_93211
245 _aTom Brown's School days /
_cby Thomas Hughes.
260 _aLondon:
_bBloomsbury Books,
_c1994.
300 _a255 p. :
_c17 cm.
541 _j1
541 _j2
562 _e2
650 _aFiction
_9746
650 _aChildren's literature
_91986
942 _2lcc
_cBK-KF
_kKF
999 _c1364
_d1364